[Event "Kalyan op 2nd"]
[Site "Kalyan"]
[Date "2019.02.03"]
[Round "10"]
[White "Midilesh, MS."]
[Black "Gurav, Sanmil"]
[Result "0-1"]
[WhiteElo "1558"]
[BlackElo "1311"]
[PlyCount "65"]
[EventDate "2019.01.29"]
[EventType "swiss"]
[EventRounds "10"]
[EventCountry "IND"]
[SourceTitle "CBM 188 Extra"]
[Source "ChessBase"]
[SourceDate "2019.02.26"]
[SourceVersion "1"]
[SourceVersionDate "2019.02.26"]
[SourceQuality "1"]

1. e4 e5 2. Nf3 Nc6 3. Bc4 Nf6 4. d3 Be7 5. c3 0-0 6. Bb3 d6 7. h3 Na5 8. Bc2 c5 9. Qe2 Nc6 10. Nbd2 Re8 11. g4 d5 12. Nf1 d4 13. c4 a6 14. Ng3 b5 15. b3 bxc4 16. bxc4 Bf8 17. 0-0 g6 18. Nh2 Bg7 19. f4 exf4 20. Bxf4 Ne5 21. Qf2 Nfd7 22. Rab1 Rf8 23. Qg2 Qa5 24. Ra1 Rb8 25. Bb3 Qc3 26. Rfd1 Ra8 27. Rac1 Qb4 28. Rb1 Qa5 29. Kh1 Bb7 30. Bd2 Qd8 31. Ba4 Bc8 32. Qe2 Ra7 33. Kg2 0-1

[Event "Mumbai Wealth op U13"]
[Site "Mumbai"]
[Date "2016.01.28"]
[Round "1"]
[White "Gurav, Sanmil"]
[Black "Sankalp, Gupta"]
[Result "0-1"]
[WhiteElo "1162"]
[BlackElo "2068"]
[PlyCount "58"]
[EventDate "2016.01.28"]
[EventType "swiss"]
[EventRounds "9"]
[EventCountry "IND"]
[SourceTitle "CBM 170 Extra"]
[Source "ChessBase"]
[SourceDate "2016.02.25"]
[SourceVersion "1"]
[SourceVersionDate "2016.02.25"]
[SourceQuality "1"]

1. e4 c5 2. Nf3 Nc6 3. d4 cxd4 4. Nxd4 Nf6 5. Nc3 e5 6. Ndb5 d6 7. Bg5 a6 8. Bxf6 gxf6 9. Na3 b5 10. Nd5 f5 11. Bd3 Be6 12. c4 Qa5+ 13. Qd2 Qxd2+ 14. Kxd2 Bh6+ 15. Ke2 Bxd5 16. cxd5 Nd4+ 17. Kd1 fxe4 18. Bxe4 f5 19. Bc2 Rc8 20. Bb3 Rc5 21. Nc2 Nxb3 22. axb3 Rxd5+ 23. Ke1 Kd7 24. Nb4 Bd2+ 25. Ke2 Bxb4 26. Rxa6 Rc8 27. Ra7+ Ke6 28. Rxh7 Rc2+ 29. Kf3 Rd3# 0-1